| 000 | 00793cab a2200253 4500 | ||
|---|---|---|---|
| 001 | WB3247-51 | ||
| 008 | 090401t1996 xxu||||| |||| 00| 0 eng d | ||
| 035 | _a(Sirsi) u69537 | ||
| 041 | _aeng | ||
| 245 | _aComputer tracking | ||
| 260 | _c1996 | ||
| 350 | _a0 | ||
| 490 |
_aMAFF News Release _v(401) 10 December 1996, |
||
| 490 |
_aScotsman _v11 December 1996, 27(4) |
||
| 520 | _aProposals to introduce a computer system to track the movements of all cattle in Britain. Responses by 31 January 1997. | ||
| 650 | _aBEEF INDUSTRY | ||
| 650 | _aBRITISH CATTLE MOVEMENT SERVICE | ||
| 650 | _aCATTLE MOVEMENT | ||
| 650 | _aCOMPUTERS | ||
| 650 | _aPROPERTY-RURAL AND NATURAL ASSETS-AGRICULTURAL PROPERTY-LIVESTOCK | ||
| 690 | _aRURAL PRACTICE | ||
| 942 | _n0 | ||
| 948 | _c04/03/1997 | ||
| 999 |
_c43679 _d43679 |
||